Przyporządkuj JetPunkera do kraju pochodzenia #1 - Statystyki

Ogólne statystyki
  • Ten quiz został rozwiązany 13 razy
  • Średni wynik to 9 z 15
Statystyki odpowiedzi
Hint Odpowiedź % Poprawnych
YourRomanianNerd Rumunia
100%
Pixelek23 Polska
92%
Stewart Wielka Brytania
92%
Quizmaster Stany Zjednoczone
85%
Dekkie Holandia
77%
KoljiVriVoda Serbia
69%
BautyArg Argentyna
62%
baptistegorce Francja
62%
wojtaw Czechy
54%
Penguinish Finlandia
54%
Vicky Brazylia
46%
Dimby Kanada
46%
Gassu Szwajcaria
46%
marquez100 Włochy
31%
Gademotsili99 Grecja
23%
Nie znaleziono quizów pasujących do podanych kryteriów
Rozkład punktacji
Procent ludzi z każdym wynikiem
Percentyl według liczby udzielonych odpowiedzi
Twoja historia wyników
Nie rozwiązałeś tego quizu